|
|
|
|
| LEADER |
01528nam a22003737a 4500 |
| 001 |
34722 |
| 003 |
BD-DhAAL |
| 005 |
20211111105154.0 |
| 008 |
190616t20142014enka 001 0 eng d |
| 999 |
|
|
|c 40681
|d 40681
|
| 020 |
|
|
|a 9781292027371
|
| 020 |
|
|
|a 1292027371
|
| 040 |
|
|
|a DLC
|c DLC
|d DLC
|d BD-DhAAL
|
| 082 |
0 |
0 |
|a 004.165
|2 20
|
| 100 |
1 |
|
|a Brey, Barry B.
|9 29503
|
| 245 |
1 |
4 |
|a Intel microprocessors /
|c Barry B. Brey.
|
| 250 |
|
|
|a Eighth edition
|
| 260 |
|
|
|a Harlow, Essex :
|b Pearson Education Limited,
|a c2014
|
| 300 |
|
|
|a ii, 928 pages :
|b illustrations ;
|c 28 cm.
|
| 490 |
|
|
|a Pearson custom library
|
| 500 |
|
|
|a Extracted from the eighth edition, published in 2009.
|
| 500 |
|
|
|a Includes index.
|
| 504 |
|
|
|a Includes index.
|
| 526 |
|
|
|a CSE
|
| 541 |
|
|
|a Karim International
|e 34722, 34723
|
| 650 |
|
0 |
|a Intel 80xxx series microprocessors.
|9 29504
|
| 650 |
|
0 |
|a Pentium (Microprocessor)
|9 29505
|
| 650 |
|
0 |
|a Computer interfaces
|9 32601
|
| 650 |
|
0 |
|a Computer science
|9 42522
|
| 830 |
|
|
|a Pearson custom library
|9 32602
|
| 852 |
4 |
|
|a Ayesha Abed Library
|j General Stacks
|
| 942 |
0 |
0 |
|2 ddc
|c BK
|
| 952 |
|
|
|0 0
|1 0
|2 ddc
|4 0
|6 004_165000000000000_BRE
|7 0
|9 65539
|a BRACUL
|b BRACUL
|c GEN
|d 2019-05-27
|e Karim International
|g 7400.00
|l 8
|m 52
|o 004.165 BRE
|p 3010034723
|r 2023-09-01
|s 2023-07-10
|t 2
|v 7400.00
|w 2019-05-27
|y BK
|
| 952 |
|
|
|0 0
|1 0
|2 ddc
|4 0
|6 004_165000000000000_BRE
|7 0
|9 65540
|a BRACUL
|b BRACUL
|c GEN
|d 2019-05-27
|e Karim International
|g 7400.00
|l 8
|m 66
|o 004.165 BRE
|p 3010034722
|r 2024-06-10
|s 2024-06-06
|t 1
|v 7400.00
|w 2019-05-27
|y BK
|